|
|
|
|
| LEADER |
01001nam a2200229 a 4500 |
| 001 |
424180 |
| 008 |
091208s1980 bg b 001 0 eng d |
| 010 |
|
|
|a 80904428
|
| 040 |
|
|
|a DLC
|c DLC
|d DLC
|
| 082 |
0 |
0 |
|a 354.549/2092
|2 19
|
| 100 |
1 |
|
|a Sobhan, Rehman.
|
| 245 |
1 |
0 |
|a Public enterprise in an intermediate regime :
|b a study in the political economy of Bangladesh /
|c Rehman Sobhan, Muzaffer Ahmad.
|
| 260 |
|
|
|a Dacca :
|b Bangladesh Institute of Development Studies,
|c 1980
|
| 300 |
|
|
|a xxiii, 624 p. ;
|c 25 cm.
|
| 504 |
|
|
|a Includes Bibliography (p. 599-608.) and index.
|
| 541 |
1 |
|
|e 00001658
|
| 650 |
|
0 |
|a Government business enterprises
|z Bangladesh.
|
| 651 |
|
0 |
|a Bangladesh
|x Economic policy.
|
| 700 |
1 |
|
|a Ahmad, Muzaffer.
|
| 852 |
4 |
|
|a Ayesha Abed Library
|j General shelf
|
| 999 |
|
|
|c 6071
|d 6071
|
| 952 |
|
|
|0 0
|1 0
|2 ddc
|4 0
|6 354_549209200000000_SOB_1980
|7 0
|9 6062
|a BRACUL
|b BRACUL
|c GEN
|d 2009-12-14
|g 0.00
|l 0
|o 354.5492092 SOB
|p 3010001658
|r 2009-12-14
|t 1
|w 2009-12-14
|y BK
|x No price found in the accession register.
|